000 00437nam a2200169Ia 4500
003 LK-CoDNM
008 010623t1957 xxu||||| |||| 00| 1 sin d
040 _aLK-CoDNM
_dLK-CoDNM
_eLK-CoDNM
041 _asin
080 _a8S-119 VAJ
100 _aVajiragnana Himi, Horana
245 _aගීත ධම්මපදය
246 _aGeetha Dammapadaya
260 _bLihini Poth
_aColombo
_c1957
300 _b79p., 18 cm
942 _cBK
999 _c104483
_d104483